000 00522nam a22002177a 4500
003 UA-OsUOA
001 49651
007 ta
008 20071010b un ||||| |||| 00| 0 ukr d
090 _a82.09
_bС48
942 _cBK
040 _aUA-OsUOA
_bukr
_cUA-OsUOA
_dUA-OsUOA
245 _aПро Петра Панча
300 _a191 с.
955 _a1
041 _aukr
080 _a82.09
260 _aК.
_c1981
650 7 _a82 Література. Літературознавство
_2UDC
999 _c335769
_d335769